[Event "9. Korbacher Open 2017"]
[Site "Korbach"]
[Date "2017.10.19"]
[Round "1"]
[White "Bayer, Martin"]
[Black "Maar, Samuel"]
[Result "1/2-1/2"]
[WhiteElo "1732"]
[BlackElo "1998"]
[Annotator "NA RC"]
[PlyCount "182"]
[EventDate "2017.??.??"]
[EventType "swiss"]
[EventCountry "GER"]
[SourceTitle "playchess.com"]
[Source "ChessBase"]
[SourceQuality "1"]
[TimeControl "40/5400+30:1800+30"]

{[%evp 10,182,45,31,90,18,32767,18,59,32767,77,72,68,57,146,54,141,60,49,32,38,-15,-17,-28,13,22,86,74,68,79,125,-39,14,32767,20,-64,-56,-86,-41,-191,32767,32767,-114,32767,-110,32767,-45,-54,0,0,0,0,0,0,0,0,0,0,0,-3,-2,-10,0,-19,-12,-33,-8,32767,-6,-6,-6,-4,-6,-10,-15,-9,0,-2,-8,-2,0,0,-1,-6,-5,-6,0,-2,0,0,0,-8,0,0,0,0,0,0,0,0,32,15,47,21,35,-29,-29,-28,-5,0,0,0,0,-32,-36,-31,-33,-39,-18,-28,-28,-28,-20,-16,-16,-16,-12,-12,-13,-16,-12,-387,-385,-4546,-36,-81,-28,-405,-12,-12,-12,-12,-12,-12,-12,-12,-12,0,-12,-12,-8,-12,-12,-28,-28,-28,-13,-14,-12,-12,-12,-12,-12,-12,0,-12,0,-12,-12,-12,0,-12,0,-12,0]} 1. d4 {[%emt 0:00:00]} Nf6 {[%emt 0:00:04]} 2. Nf3 {[%emt 0:00:00]} g6 {[%emt 0:00:08]} 3. c4 {[%emt 0:00:00]} Bg7 {[%emt 0:00:03]} 4. Nc3 {[%emt 0:00:00]} O-O {[%emt 0:00:24]} 5. e4 {[%emt 0:00:08]} d6 {[%emt 0:02:53]} 6. Be2 {[%emt 0:00:16]} Nc6 {[%emt 0:03:34]} (6... e5 $11 {remains equal.}) 7. h3 {[%emt 0:00:55]} (7. d5 $16 Ne5 8. Nxe5 dxe5 9. O-O) 7... e5 {[%emt 0:01:41]} 8. d5 {[%emt 0:04:15]} Ne7 {[%emt 0:00:39]} 9. Be3 {[%emt 0:00:36]} c6 {[%emt 0:05:28] E92: King's Indian: Classical: 6 Be2 e5: 7 dxe5, 7 Be3 and Petrosian System without 7...Nbd7} 10. O-O {[%emt 0:00:18]} cxd5 {[%emt 0:08:25]} 11. cxd5 {[%emt 0:00:36]} a6 {[%emt 0:04:20]} (11... Nh5 $142) 12. Rc1 $146 {[%emt 0:03:07]} ({White should play} 12. Qb3 $16) ({Predecessor:} 12. a4 h6 13. Nd2 Nd7 14. Nc4 Qc7 {1-0 (41) Kleiman,J (2314)-Paunovic,T (2355) ICC INT 2009}) 12... Nd7 {[%emt 0:06:26]} ({Günstiger ist} 12... b5 $14) 13. Qc2 {[%emt 0:09:01]} (13. Qb3 $16) 13... f5 {[%emt 0:03:01]} 14. exf5 {[%emt 0:01:16]} Nxf5 {[%emt 0:01:15]} 15. Ne4 {[%emt 0:06:57]} (15. Bg5 $5 {[%cal Rg5d8]} Bf6 16. Bd2 $14) 15... Nxe3 {[%emt 0:05:01]} 16. fxe3 {[%emt 0:00:16]} Qb6 {[%emt 0:06:40]} 17. Qb3 {[%emt 0:03:12]} Bh6 {[%emt 0:03:46]} (17... Qxb3 $11 {remains equal.} 18. axb3 Nf6 19. Nxd6 Bh6) 18. Nfg5 {[%emt 0:05:05]} Qxb3 {[%emt 0:07:05]} 19. axb3 {[%emt 0:00:07]} Nc5 {[%emt 0:00:50]} 20. Rc3 $2 {[%emt 0:08:45]} ({White must play} 20. Rxf8+ $16 Kxf8 21. Rf1+ Kg8 22. Nf6+ Kg7 23. Ne8+ (23. Nfxh7 Bf5 $11) 23... Kg8 24. h4) 20... Bf5 {[%emt 0:17:14]} 21. Nxc5 {[%emt 0:14:02]} dxc5 {[%emt 0:00:19]} 22. Nf3 {[%emt 0:00:45]} (22. Ne6 $11) 22... Rad8 {[%emt 0:02:11]} 23. Kh1 {[%emt 0:02:02]} Be4 {[%emt 0:01:51]} 24. Nxe5 $2 {[%emt 0:03:08]} ({White should try} 24. Rd1 $1 $15) 24... Rxf1+ {[%emt 0:00:16]} 25. Bxf1 {[%emt 0:00:06]} Bg7 {[%emt 0:00:14]} 26. Rc4 {[%emt 0:01:15]} Bxd5 {[%emt 0:00:27]} ({Much worse is} 26... Bxe5 $6 27. Rxe4 Bg3 28. Re6 $11) 27. Rxc5 {[%emt 0:00:13]} b5 {[%emt 0:04:24]} ({Viel schlechter ist} 27... Bxe5 $6 {[#]} 28. Rxd5 $1 {[%mdl 512]} Rxd5 29. Bc4 $11) ({Günstiger ist} 27... Bxb3 $17 28. Nd3 Re8) 28. Nc6 {[%emt 0:02:52]} Bxc6 {[%emt 0:00:44]} 29. Rxc6 {[%emt 0:00:08]} Rd1 {[%emt 0:02:07]} 30. Kg1 {[%emt 0:00:41]} Bh6 {[%emt 0:00:47]} 31. Kf2 {[%emt 0:03:12]} Rd2+ {[%emt 0:00:48]} 32. Be2 {[%emt 0:01:13]} Rxb2 {[%emt 0:00:05]} 33. Rxa6 {[%emt 0:00:13]} Rxb3 {[%emt 0:00:08]} 34. e4 {[%emt 0:02:33]} Bf4 {[%emt 0:02:03]} 35. Bf3 {[%emt 0:02:03]} Rb2+ {[%emt 0:00:21]} 36. Ke1 {[%emt 0:00:17]} b4 {[%emt 0:00:35]} 37. Rb6 {[%emt 0:01:01]} Bg3+ {[%emt 0:02:23]} 38. Kd1 {[%emt 0:00:43]} Be5 {[%emt 0:02:42]} 39. Rb5 {[%emt 0:03:49]} Bc3 {[%emt 0:02:35]} 40. Kc1 {[%emt 0:02:02]} Kf7 {[%emt 0:33:17]} 41. Rb7+ {[%emt 0:31:21]} Ke6 {[%emt 0:00:46]} 42. Rxh7 {[%emt 0:06:15]} Ke5 {[%emt 0:02:34]} 43. Rd7 {[%emt 0:01:26]} Ra2 {[%emt 0:00:00]} 44. Rd3 {[%emt 0:00:00]} Bd4 {[%emt 0:00:00]} 45. Kb1 {[%emt 0:00:00]} Rf2 {[%emt 0:00:00]} 46. Kc1 {[%emt 0:00:00]} Bb2+ {[%emt 0:00:00]} 47. Kd1 {[%emt 0:00:00]} Bc3 {[%emt 0:00:00]} 48. Kc1 {[%emt 0:00:00]} Bb2+ {[%emt 0:00:00]} 49. Kd1 {[%emt 0:00:00]} Bd4 {[%emt 0:00:00]} 50. Rd2 {[%emt 0:00:00]} Rf1+ {[%emt 0:00:00]} 51. Kc2 {[%emt 0:00:00]} Ra1 {[%emt 0:00:00]} 52. Kb3 {[%emt 0:00:00]} Rb1+ {[%emt 0:00:00]} 53. Kc2 {[%emt 0:00:00]} Rb2+ {[%emt 0:00:00]} 54. Kd3 {[%emt 0:00:00]} Rb3+ {[%emt 0:00:00]} 55. Kc4 {[%emt 0:00:00]} Rb1 {[%emt 0:00:00]} 56. Rd3 {[%emt 0:00:00]} ({Don't play} 56. Rxd4 Rc1+ 57. Kxb4 Kxd4 $17) 56... Bc3 {[%emt 0:00:00]} 57. Rxc3 {[%emt 0:00:47]} (57. Rd5+ $14 Kf4 58. Rd6) 57... bxc3 {[%emt 0:00:00]} 58. Kxc3 {[%emt 0:00:08]} Rb6 {[%emt 0:00:00]} 59. Kd3 {[%emt 0:02:28]} Rb3+ {[%emt 0:00:00]} 60. Ke2 {[%emt 0:00:35]} Kf4 {[%emt 0:00:04]} 61. Kf2 {[%emt 0:00:28]} Rb2+ {[%emt 0:00:08]} 62. Kg1 {[%emt 0:00:28]} Kg3 {[%emt 0:01:12]} 63. Kf1 {[%emt 0:00:05]} g5 {[%emt 0:01:15]} 64. Ke1 $1 {[%emt 0:00:56]} Kf4 {[%emt 0:02:33]} 65. Kf1 {[%emt 0:00:12]} Ke3 {[%emt 0:00:24]} 66. Kg1 {[%emt 0:00:08]} Rb1+ {[%emt 0:00:08]} 67. Kh2 {[%emt 0:00:06]} Kf2 {[%emt 0:00:08]} 68. Bg4 {[%emt 0:00:47]} Re1 {[%emt 0:00:17]} 69. Bf3 {[%emt 0:00:04]} Rg1 {[%emt 0:00:06]} 70. g4 $2 {[%emt 0:03:58]} (70. e5 $11 {und Weiss steht sicher.}) 70... Re1 {[%emt 0:02:25]} 71. Bh1 {[%emt 0:00:51]} Re3 $2 {[%emt 0:00:37]} (71... Ke3 $19 72. e5 Kf4) 72. Bg2 {[%emt 0:00:19]} Re2 $2 {[%emt 0:00:47] [#]} (72... Rb3 $19 73. e5 Re3) 73. Bh1 $2 {[%emt 0:01:40]} (73. h4 $1 $11 {[%mdl 512] and White has nothing to worry.}) 73... Kf1+ $2 {[%emt 0:00:53]} ({Black should play} 73... Ke3+ $19 74. Kg3 Kd4) 74. Kg3 {[%emt 0:00:12]} Kg1 {[%emt 0:00:22]} 75. Bf3 {[%emt 0:00:18]} Re3 {[%emt 0:00:06] [#]} 76. e5 $1 {[%emt 0:00:23]} Rxe5 {[%emt 0:00:31]} 77. h4 {[%emt 0:00:16]} gxh4+ {[%emt 0:02:03]} 78. Kxh4 $11 {[%emt 0:00:06]} Kf2 {[%emt 0:00:03]} 79. Bc6 {[%emt 0:00:26]} Rc5 {[%emt 0:00:30]} 80. Bd7 {[%emt 0:00:10]} Kf3 {[%emt 0:00:29]} 81. g5 {[%emt 0:00:53]} Kf4 {[%emt 0:00:06]} 82. g6 {[%emt 0:00:07]} Rg5 {[%emt 0:00:03]} 83. Be8 {[%emt 0:00:04]} Rg1 {[%emt 0:00:43]} 84. Kh3 {[%emt 0:00:10]} Rg3+ {[%emt 0:00:57]} 85. Kh4 {[%emt 0:00:19]} Re3 {[%emt 0:00:59]} 86. Bf7 {[%emt 0:00:10]} Rg3 {[%emt 0:01:03]} 87. Be8 {[%emt 0:00:10]} Rg1 {[%emt 0:00:23]} 88. Kh3 {[%emt 0:00:06]} Kg5 {[%emt 0:00:41]} 89. Bf7 {[%emt 0:00:43]} Kf4 {[%emt 0:01:00]} 90. Be8 {[%emt 0:00:11]} Kf3 {[%emt 0:00:18]} 91. Kh4 {[%emt 0:00:06]} Kf4 {[%emt 0:00:24]} 1/2-1/2

[Event "9. Korbacher Open 2017"]
[Site "Korbach"]
[Date "2017.10.19"]
[Round "1"]
[White "Naujocks, Christian"]
[Black "Tschoepe, Nino"]
[Result "0-1"]
[WhiteElo "1654"]
[BlackElo "1978"]
[Annotator "NA RC"]
[PlyCount "88"]
[EventDate "2017.??.??"]
[EventType "swiss"]
[EventCountry "GER"]
[SourceTitle "playchess.com"]
[Source "ChessBase"]
[SourceQuality "1"]
[TimeControl "40/5400+30:1800+30"]

{[%evp 15,88,76,30,32767,32767,-6,-18,-47,8,-44,-52,-37,-45,-60,-73,-71,-69,-84,-100,-130,-93,-94,-63,-167,-172,-187,-195,-186,-206,-175,32767,-207,-232,32767,-232,32767,-242,-254,32767,-257,-270,-281,-264,-275,-255,32767,-254,-234,-262,32767,-303,-572,-572,-738,-803,-826,-627,-591,-604,-775,-956,-1087,-956,-5670,-1699,-1108,-880,-502,-2754,-1536,-519,-5326,-546,-605,-675]} 1. e4 {[%emt 0:00:00]} e5 {[%emt 0:00:27]} 2. Nf3 {[%emt 0:00:00]} Nc6 {[%emt 0:00:06]} 3. Bb5 {[%emt 0:00:02]} Nf6 {[%emt 0:00:13]} 4. O-O {[%emt 0:00:39]} Nxe4 {[%emt 0:00:19]} 5. d4 {[%emt 0:00:19]} Nd6 {[%emt 0:00:12]} 6. Bxc6 {[%emt 0:00:21]} dxc6 {[%emt 0:00:06]} 7. dxe5 {[%emt 0:00:15]} Nf5 {[%emt 0:00:07]} 8. Qxd8+ {[%emt 0:00:11]} Kxd8 {[%emt 0:00:07]} 9. Nc3 {[%emt 0:02:03]} Bd7 {[%emt 0:00:26]} 10. Bf4 {[%emt 0:02:48] LiveBook: 16 Partien C67: Ruy Lopez: Berlin Defence: 4 0-0 Nxe4} (10. h3 h6 11. b3 b6 12. Bb2 Kc8 13. Rfd1 c5 14. Nd5 a5 15. a4 Ne7 16. c4 Bf5 17. Ne3 Be6 18. Rd2 Kb7 19. Rad1 {0-1 (43) Zhigalko,S (2648)-Cheparinov,I (2703) Kocaeli 2017}) 10... h6 {[%emt 0:04:06]} 11. h4 {[%emt 0:07:52]} Be7 $146 {[%emt 0:04:18]} ({Predecessor:} 11... Kc8 $15 12. Ne4 b6 13. Rfd1 Be6 14. Nd4 Nxd4 15. Rxd4 Kb7 16. Rad1 Be7 17. Rd7 Rhe8 {0-1 (34) Ayza Leon,D (2199)-Rizouk,A (2527) Catalunya 2014}) 12. g3 {[%emt 0:04:58]} Kc8 {[%emt 0:00:38]} 13. Rad1 {[%emt 0:01:51]} b6 {[%emt 0:06:02]} 14. Ne4 {[%emt 0:04:43]} Be6 {[%emt 0:05:54]} 15. b3 {[%emt 0:02:37]} Kb7 {[%emt 0:05:48]} 16. c4 {[%emt 0:07:46]} a5 {[%emt 0:01:03]} 17. Nc3 {[%emt 0:05:47] [#]} a4 $1 {[%emt 0:10:32]} 18. Nxa4 {[%emt 0:11:18] [#]} Bxc4 $1 {[%emt 0:00:24]} 19. Rfe1 {[%emt 0:05:30]} (19. bxc4 $17 Rxa4 20. Rd7) 19... Bd5 {[%emt 0:00:54]} 20. Nd4 {[%emt 0:03:53]} Nxd4 {[%emt 0:02:01]} 21. Rxd4 {[%emt 0:00:15]} g5 {[%emt 0:14:22]} 22. Be3 {[%emt 0:06:07]} gxh4 {[%emt 0:04:55]} 23. gxh4 {[%emt 0:01:39]} Rhg8+ {[%emt 0:01:25]} 24. Kf1 {[%emt 0:00:45]} h5 {[%emt 0:02:58]} 25. Nc3 {[%emt 0:03:10]} Be6 {[%emt 0:00:59]} 26. Ke2 {[%emt 0:04:50]} Ra5 {[%emt 0:02:38]} 27. Kd2 {[%emt 0:06:20]} Rxe5 {[%emt 0:02:13]} 28. Rf4 {[%emt 0:04:18]} Rg4 {[%emt 0:02:13]} 29. Rh1 {[%emt 0:02:29]} Ra5 {[%emt 0:05:48]} 30. Kc1 {[%emt 0:03:28]} Rxf4 {[%emt 0:07:30]} 31. Bxf4 {[%emt 0:00:14]} c5 {[%emt 0:00:59]} 32. Kb2 {[%emt 0:01:13]} c4 {[%emt 0:02:27]} 33. a4 $2 {[%emt 0:02:25]} (33. Ne4 {might work better.}) 33... cxb3 {[%emt 0:00:43]} 34. Rc1 {[%emt 0:02:04]} Bf6 {[%emt 0:03:21]} 35. Bg5 {[%emt 0:01:15]} Bxg5 {[%emt 0:02:07]} 36. hxg5 {[%emt 0:00:26]} Rxg5 {[%emt 0:00:28]} 37. Ne4 {[%emt 0:01:37]} Rg4 {[%emt 0:03:24]} 38. f3 {[%emt 0:01:52]} Rg2+ {[%emt 0:00:18]} 39. Kb1 {[%emt 0:00:14]} Bf5 {[%emt 0:01:47]} 40. Rh1 {[%emt 0:00:58]} Ra2 {[%emt 0:32:16]} 41. Rxh5 {[%emt 0:02:02]} Bxe4+ {[%emt 0:00:00]} 42. fxe4 {[%emt 0:00:10]} Rxa4 {[%emt 0:00:00]} (42... c5 $142 43. Rh7 c4 44. Rxf7+ Kc6) 43. Re5 {[%emt 0:02:23]} Kc6 {[%emt 0:00:00]} 44. Kb2 {[%emt 0:01:40]} Kd6 $19 {[%emt 0:00:00]} 0-1

[Event "9. Korbacher Open 2017"]
[Site "Korbach"]
[Date "2017.10.19"]
[Round "1"]
[White "Sakhra, Roman"]
[Black "Bluebaum, Johanna"]
[Result "0-1"]
[WhiteElo "1489"]
[BlackElo "1955"]
[Annotator "NA RC"]
[PlyCount "84"]
[EventDate "2017.??.??"]
[EventType "swiss"]
[EventCountry "GER"]
[SourceTitle "playchess.com"]
[Source "ChessBase"]
[SourceQuality "1"]
[TimeControl "40/5400+30:1800+30"]

{[%evp 9,77,42,32767,32767,13,32767,32767,32767,-25,-40,32767,32767,32767,-8,-21,32767,-10,-44,-11,-31,-20,32767,-25,32767,-36,-36,-37,-26,78,7,16,14,32767,27,18,22,13,0,0,-2,-18,-9,-14,-16,0,-31,-33,-39,-4,0,32767,-43,-33,-42,-34,-89,-83,-78,-83,-101,-95,-88,-72,-70,-57,-53,-56,-53,-66,-81]} 1. d4 {[%emt 0:00:00]} d5 {[%emt 0:00:10]} 2. Nf3 {[%emt 0:00:00]} Nf6 {[%emt 0:00:17]} 3. Bf4 {[%emt 0:00:00]} c6 {[%emt 0:00:26]} 4. e3 {[%emt 0:00:46]} Qb6 {[%emt 0:00:11]} 5. Qc1 {[%emt 0:01:12]} Nbd7 {[%emt 0:00:29] D02: 1 d4 d5 2 Nf3 sidelines, including 2...Nf6 3 g3 and 2...Nf6 3 Bf4} (5... Nh5 6. Be5 Nd7 7. c4 f6 8. Bg3 e5 9. cxd5 cxd5 10. Nc3 Bb4 11. a3 Bxc3+ 12. Qxc3 Nxg3 13. hxg3 {½-½ (54) Kobo,O (2490)-Solodovnichenko,Y (2587) Teplice 2016}) 6. Bd3 {[%emt 0:00:30]} Nh5 {[%emt 0:00:17]} 7. Bg5 $146 {[%emt 0:00:38]} ({Predecessor:} 7. Bg3 Nxg3 8. hxg3 g6 9. Nbd2 Bg7 10. c3 e5 11. dxe5 Nxe5 12. Nxe5 Bxe5 13. Nf3 {1-0 (34) Cleveland,R (2013)-Stahl,C (2099) High Wycombe 2012}) 7... h6 {[%emt 0:00:13]} 8. Bh4 {[%emt 0:00:06]} g5 {[%emt 0:00:10]} 9. Bg3 {[%emt 0:00:08]} Nxg3 {[%emt 0:00:09]} 10. hxg3 {[%emt 0:00:06]} Bg7 {[%emt 0:00:06]} 11. Nbd2 {[%emt 0:01:52]} c5 {[%emt 0:00:19]} 12. c3 {[%emt 0:00:10]} e5 {[%emt 0:02:13]} 13. dxe5 {[%emt 0:06:12]} Nxe5 {[%emt 0:00:23]} 14. Nxe5 {[%emt 0:00:06]} Bxe5 {[%emt 0:00:11]} 15. Nf3 {[%emt 0:00:24]} Bg7 {[%emt 0:00:13]} 16. e4 {[%emt 0:05:27]} c4 {[%emt 0:03:33]} 17. Bc2 {[%emt 0:00:05]} dxe4 {[%emt 0:00:34]} 18. Bxe4 {[%emt 0:00:29]} Qe6 {[%emt 0:02:15]} (18... Be6 $15 {keeps the upper hand.}) 19. O-O {[%emt 0:02:26]} (19. Qe3 $1 $14) 19... O-O {[%emt 0:00:54]} ({Don't go for} 19... Qxe4 $2 20. Re1 $18) 20. Re1 {[%emt 0:00:14]} Qb6 {[%emt 0:02:15]} 21. Qc2 {[%emt 0:16:33]} Be6 {[%emt 0:00:47]} 22. Rad1 {[%emt 0:06:03]} Rad8 {[%emt 0:00:21]} 23. Qc1 {[%emt 0:08:23]} Rfe8 {[%emt 0:10:26]} 24. Bb1 {[%emt 0:03:09]} Rxd1 {[%emt 0:04:06]} 25. Rxd1 {[%emt 0:00:06]} Rd8 {[%emt 0:02:30]} 26. Rxd8+ {[%emt 0:02:02]} Qxd8 {[%emt 0:00:02]} 27. Qe3 {[%emt 0:02:21]} Qd1+ {[%emt 0:01:35]} 28. Qe1 {[%emt 0:00:08]} Qd6 {[%emt 0:01:53]} 29. Qe3 {[%emt 0:02:32]} Qd1+ {[%emt 0:02:11]} 30. Qe1 {[%emt 0:00:07]} Qxe1+ {[%emt 0:00:05]} 31. Nxe1 {[%emt 0:00:06]} b5 {[%emt 0:01:22]} 32. Be4 {[%emt 0:00:45] [#]} (32. Nc2 $15) 32... b4 $1 {[%emt 0:00:45]} 33. cxb4 {[%emt 0:01:59]} Bxb2 {[%emt 0:00:08]} 34. a4 {[%emt 0:03:28]} f5 {[%emt 0:01:20]} 35. Bb1 {[%emt 0:01:38]} Bc3 {[%emt 0:01:12]} 36. Nc2 {[%emt 0:00:51]} f4 {[%emt 0:01:42]} 37. gxf4 {[%emt 0:04:32]} gxf4 {[%emt 0:00:34]} 38. Ba2 $1 {[%emt 0:01:58]} Kf7 {[%emt 0:02:23]} 39. b5 $17 {[%emt 0:00:33]} Bb2 {[%emt 0:03:46]} 40. Kf1 {[%emt 0:02:45]} Ke7 {[%emt 0:31:54]} 41. Nb4 {[%emt 0:32:44]} Kd6 {[%emt 0:00:57]} 42. Nc6 {[%emt 0:05:32]} c3 {[%emt 0:00:56]} 0-1

[Event "9. Korbacher Open 2017"]
[Site "Korbach"]
[Date "2017.10.19"]
[Round "1"]
[White "Mohammadi, Sholeh"]
[Black "Duzy, Stefan"]
[Result "0-1"]
[WhiteElo "1190"]
[BlackElo "1935"]
[Annotator "NA RC"]
[PlyCount "50"]
[EventDate "2017.??.??"]
[EventType "swiss"]
[EventCountry "GER"]
[SourceTitle "playchess.com"]
[Source "ChessBase"]
[SourceQuality "1"]
[TimeControl "40/5400+30:1800+30"]

{[%evp 9,50,15,32767,16,32767,14,32767,16,32767,-141,32767,-145,32767,32767,32767,-169,32767,-121,32767,-149,32767,-199,32767,-220,32767,-285,32767,-346,32767,-336,32767,-285,32767,-304,32767,-583,32767,-564,-601,-1914,-2512,-29998,-29999]} 1. c4 {[%emt 0:01:39]} Nf6 {[%emt 0:01:16]} 2. Nf3 {[%emt 0:02:10]} g6 {[%emt 0:01:25]} 3. d4 {[%emt 0:01:25]} Bg7 {[%emt 0:00:12]} 4. e3 {[%emt 0:00:24]} O-O {[%emt 0:00:23]} 5. Be2 {[%emt 0:00:55]} d6 {[%emt 0:03:11]} 6. O-O {[%emt 0:03:35]} Nbd7 {[%emt 0:00:24] E60: King's Indian: Unusual lines and Fianchetto Variation without Nc3} 7. Qd3 $146 {[%emt 0:04:50]} ({Predecessor:} 7. Nc3 e5 8. Qc2 Re8 9. Re1 exd4 10. exd4 Nb6 11. Bf4 Bf5 12. Bd3 Bxd3 13. Qxd3 Qd7 14. b3 Rxe1+ 15. Rxe1 Re8 16. Rxe8+ Qxe8 {1-0 (34) Ni,H (2693)-Vidit,S (2644) Doha 2015}) 7... e5 {[%emt 0:01:03]} 8. Nc3 {[%emt 0:00:51]} Re8 {[%emt 0:01:47]} 9. e4 $2 {[%emt 0:01:57]} (9. Qc2 $11) 9... exd4 {[%emt 0:00:37]} 10. Nxd4 {[%emt 0:07:49]} Nc5 {[%emt 0:00:44]} 11. Qd1 {[%emt 0:03:07]} Nfxe4 {[%emt 0:00:33]} 12. Nxe4 {[%emt 0:01:18]} Nxe4 {[%emt 0:03:43]} 13. Bf3 {[%emt 0:02:51]} Ng5 {[%emt 0:02:25]} 14. Bd5 {[%emt 0:01:13]} Ne6 {[%emt 0:03:59]} 15. Nf3 {[%emt 0:01:54]} (15. Nxe6 $17 Bxe6 16. Bxb7) 15... c6 {[%emt 0:01:45]} 16. Bxe6 {[%emt 0:06:07]} Bxe6 {[%emt 0:00:53]} 17. Nd2 {[%emt 0:01:38]} Qh4 {[%emt 0:06:34]} 18. Qc2 {[%emt 0:02:53]} Be5 {[%emt 0:04:42]} 19. g3 {[%emt 0:00:41]} Qh3 {[%emt 0:02:39]} 20. Nf3 {[%emt 0:04:18]} Bf5 {[%emt 0:01:08]} 21. Qb3 {[%emt 0:01:43]} Be4 {[%emt 0:00:37]} 22. Re1 $2 {[%emt 0:01:41]} (22. Bd2 {was called for.}) 22... Bxf3 {[%emt 0:06:01]} 23. Qxf3 {[#]} Bxg3 $1 {[%emt 0:00:35]} 24. Rxe8+ {[%emt 0:02:43]} Rxe8 {[%emt 0:00:16]} 25. fxg3 {[%emt 0:01:22]} Re1+ {[%emt 0:00:28]} 0-1

[Event "9. Korbacher Open 2017"]
[Site "Korbach"]
[Date "2017.10.20"]
[Round "2"]
[White "Roeberg, Frank"]
[Black "Buese, Ralf"]
[Result "1-0"]
[WhiteElo "2194"]
[BlackElo "1892"]
[Annotator "TA"]
[PlyCount "78"]
[EventDate "2017.??.??"]
[EventType "swiss"]
[EventCountry "GER"]
[SourceTitle "playchess.com"]
[Source "ChessBase"]
[SourceQuality "1"]

{[%evp 18,78,-8,-20,7,-12,25,8,18,8,17,6,22,0,0,0,90,91,110,91,125,21,21,29,29,26,24,0,0,-4,13,10,13,0,7,9,32,20,29,20,14,0,109,131,118,111,139,131,128,111,121,107,150,152,148,136,499,455,467,446,1247,1052,1052]} 1. e4 e6 2. Nf3 d5 3. Nc3 a6 4. d4 Nf6 5. e5 Nfd7 6. Bd3 c5 7. dxc5 Nc6 8. Bf4 Bxc5 9. O-O b5 10. Re1 {LiveBook: 7 Games. C11: French: Classical System: 4 e5 and 4 Bg5 dxe4} (10. Qd2) 10... Qb6 11. Bg3 Nb4 12. Bf1 $146 {White has an edge.} ({Predecessor:} 12. Ng5 Nxd3 13. cxd3 h6 14. Nxd5 exd5 15. e6 hxg5 16. exd7+ Kxd7 17. Qf3 Kc6 {0-1 (65) Puso,S-Munkhgal,G (2327) Shenzhen 2011}) 12... O-O 13. a4 {[%cal Ra4b5]} Bb7 14. axb5 axb5 {[#] Strongly threatening ...Rxa1.} 15. Rxa8 Rxa8 16. Nxb5 Bc6 (16... Ba6 $11 {remains equal.} 17. Nbd4 Bxf1 18. Rxf1 Bxd4 19. Nxd4 Na2) 17. Nbd4 $16 Bxd4 18. Nxd4 Nc5 19. f3 ({Better is} 19. Bf4 $16) 19... Ncd3 $1 $11 20. cxd3 Qxd4+ 21. Bf2 Qxb2 22. Qb1 Ra2 23. Bc5 Na6 24. Qxb2 Rxb2 25. Bd6 h6 26. d4 Bb5 27. Bxb5 Rxb5 $14 {[%mdl 4096] Endgame KRB-KRN} 28. Ra1 Rb6 29. g4 Rc6 (29... g5 $11 {keeps the balance.}) 30. Rb1 $16 Kh7 31. Kg2 Kg6 32. Rb7 Rc4 33. h4 {[%cal Bh2h4,Bh4h5][%mdl 32] aiming for h5+.} Rxd4 34. h5+ Kh7 35. Rxf7 Nb4 36. Rb7 Nd3 $2 {[%mdl 8192] [#]} (36... Rd2+ $16 {is a better chance.} 37. Kh3 Nd3) 37. Bf8 $18 {White is clearly winning.} Rf4 38. Bxg7 d4 (38... Rb4 $142 39. Re7 Rb3 40. Bf8+ Kg8) 39. Bf6+ Kg8 {Precision: White = 58%, Black = 27%.} 1-0

[Event "9. Korbacher Open 2017"]
[Site "Korbach"]
[Date "2017.10.20"]
[Round "2"]
[White "Koellner, Ruben Gideon"]
[Black "Maiwald, Harald"]
[Result "1/2-1/2"]
[WhiteElo "2148"]
[BlackElo "2014"]
[Annotator "TA"]
[PlyCount "52"]
[EventDate "2017.??.??"]
[EventType "swiss"]
[EventCountry "GER"]
[SourceTitle "playchess.com"]
[Source "ChessBase"]
[SourceQuality "1"]

{[%evp 11,52,17,27,6,8,7,10,0,13,0,60,0,0,0,15,-8,38,22,77,62,77,78,79,73,78,57,48,47,62,47,104,118,130,87,75,13,10,0,0,0,32,32,26]} 1. d4 Nf6 2. Nf3 g6 3. Nbd2 d5 4. e3 Bg7 5. b4 O-O 6. Bb2 {D02: 1 d4 d5 2 Nf3 sidelines, including 2...Nf6 3 g3 and 2...Nf6 3 Bf4} Bg4 {LiveBook: 5 Games} (6... Bf5 7. Be2 Nbd7 8. O-O c6 9. a4 Ne4 10. c4 Re8 11. cxd5 cxd5 12. Nxe4 Bxe4 13. Qb3 {1-0 (36) So,W (2808)-Vachier Lagrave,M (2796) chess.com INT 2017}) 7. h3 Bxf3 8. Nxf3 {The position is equal.} Ne4 $146 ({Predecessor:} 8... Nbd7 9. c4 c6 10. a4 a5 11. b5 c5 {1-0 (96) Sandipan,C (2593)-Liu,C (2334) Danzhou 2016}) 9. c4 c5 10. a3 Nc6 (10... cxd4 $11 11. Bxd4 dxc4) 11. Qc2 (11. cxd5 $14 Qxd5 12. Qc2 cxb4 13. Bc4) 11... cxd4 $11 12. exd4 {[#] And now cxd5 would win.} Rc8 13. Bd3 f5 (13... e5 $5) 14. c5 e5 (14... e6 $11) 15. Nxe5 Nxe5 16. dxe5 Qe7 17. O-O Bxe5 18. Bxe5 Qxe5 19. Rfe1 Qf6 20. Qb3 Qf7 (20... Qd4 $14 21. Ra2 Rcd8) 21. Rad1 $16 Rfd8 22. Bb1 b6 23. cxb6 (23. Ba2 $16) 23... axb6 $11 24. Ba2 {[%cal Rd1d5]} Nc3 $1 {[%cal Rc3d1]} 25. Rd3 Nxa2 26. Qxa2 d4 {Precision: White = 25%, Black = 43%.} 1/2-1/2